000 01033cam a2200265 i 4500
999 _c7667
_d7667
003 OSt
005 20200317133115.0
008 140908t20152015nyua b 001 0 eng
020 _a9781138025042 (pbk)
040 _aDLC
_beng
_cDLC
_erda
_dDLC
082 0 0 _a428.0071
_223
_bTHO
100 1 _aFarrell, Thomas S. C.
_q(Thomas Sylvester Charles)
_eauthor.
245 1 0 _aPromoting teacher reflection in second language education :
_ba framework for TESOL professionals /
_cThomas S. C. Farrell.
250 _aFirst Edition.
300 _axv, 138 pages :
_billustrations ;
_c24 cm.
490 0 _aESL & Applied Linguistics Professional Series
504 _aIncludes bibliographical references (pages 125-132) and index.
650 0 _aEnglish teachers
_xTraining of.
650 0 _aEnglish language
_xStudy and teaching
_xForeign speakers.
650 0 _aTest of English as a Foreign Language
_xEvaluation.
650 0 _aEnglish language
_xAbility testing.
650 0 _aReflective teaching.
650 0 _aCareer development.
942 _2ddc